| 000 | 01318nam a22003257i 4500 | ||
|---|---|---|---|
| 003 | EG-ScBUE | ||
| 005 | 20260405111304.0 | ||
| 008 | 120422s1992 ua a f 000 0 ara dd | ||
| 017 | _a1992 / 5849 | ||
| 020 | _a9771300539 | ||
| 040 |
_aEG-ScBUE _bara _erda _cEG-ScBUE _dEG-ScBUE |
||
| 041 | 1 |
_aara _heng |
|
| 082 | 0 | 4 |
_a551.51 _bف ي ر _222 |
| 100 | 1 |
_929677 _aفيرور، جون، _eمؤلف. |
|
| 240 | 1 | 4 |
_aThe changing atmosphere : a global challenge. _lEnglish |
| 245 | 1 | 2 |
_aالغلاف الجوي : _bالتحدي بين الطبيعة والبشر / _cجون فيرور ؛ ترجمة أ.د. أحمد مدحت إسلام. |
| 250 | _aالطبعة الأولى. | ||
| 264 | 1 |
_aالقاهرة : _bمركز الأهرام للترجمة والنشر، _c1992. |
|
| 300 |
_a198 صفحة : _bإيضاحيات ؛ _c16 سم |
||
| 336 |
_2rdacontent _aنص _btxt |
||
| 337 |
_aبدون وسيط _2rdamedia _bn |
||
| 338 |
_aمجلد _bnc _2rdacarrier |
||
| 541 |
_aDr. Basem ; _cDonation ; |
||
| 546 | _aالنص باللغة الإنجليزية ؛ وقد تم ترجمته إلى العربية. | ||
| 650 | 7 |
_921319 _aالغلاف الجوي. _2BUEsh |
|
| 650 | 7 |
_921318 _aالأوزون. _2BUEsh |
|
| 655 | _vReading book | ||
| 700 | 1 |
_aإسلام، أحمد مدحت، _eمترجم. |
|
| 942 |
_2ddc _cBB |
||
| 999 |
_c16672 _d16672 |
||